000 01189nam a22002777a 4500
999 _c381005
_d381005
003 BLK
005 20250711125318.0
008 200810b bu |||||r|||| 00| 0 bu d
020 _a9786192430320
040 _aBLK
041 _aBUL
_cBUL
080 _aИстория на Втората световна война (1939-1945)
_b94(100)"1939/1945"
_z94(100)"1939/1945"
100 _aСолонин, Марк Семенович
_eпърви автор
_91299
139 _aСолонин, Марк Семенович
_bС 51
245 _aСкрити истини за Втората световна война
_c Марк Солонин; прев. от рус. Георги Рачев.
260 _9209461
_aСофия
_bПрозорец
_c2019
_n978-954-733- ; 954-8079-
300 _a240 с.
_c20 см
380 _a9
650 7 _9151291
_aВтора световна война - история
653 7 _9183661
_aВтора световна война
700 _9296499
_aРачев, Георги Иванов
_eпрев. от рус.
942 _cKNG
_n0
_s1
_012
944 _aCR
_c2020-08-10
_k30576
_lЦветомила Тодорова
999 _d381005
999 _d381005